"The original" complete seventy-two part manual of hypnotism and psycho-therapeutics, (Record no. 38881)
[ view plain ]
| 000 -LEADER | |
|---|---|
| fixed length control field | 00776cam a22002291 4500 |
| 001 - CONTROL NUMBER | |
| control field | med48000304 |
| 003 - CONTROL NUMBER IDENTIFIER | |
| control field | DLC |
| 005 - DATE AND TIME OF LATEST TRANSACTION | |
| control field | 20260227111609.0 |
| 008 - FIXED-LENGTH DATA ELEMENTS--GENERAL INFORMATION | |
| fixed length control field | 810622s1947 xx ac 000 0 eng |
| 010 ## - LIBRARY OF CONGRESS CONTROL NUMBER | |
| LC control number | med48000304 |
| 035 ## - SYSTEM CONTROL NUMBER | |
| System control number | (OCoLC)14645709 |
| 040 ## - CATALOGING SOURCE | |
| Original cataloging agency | DLC |
| Transcribing agency | DNLM |
| Modifying agency | DLC |
| 042 ## - AUTHENTICATION CODE | |
| Authentication code | premarc |
| 050 00 - LIBRARY OF CONGRESS CALL NUMBER | |
| Classification number | BF1141 |
| Item number | .L65 1947 |
| 060 0# - NATIONAL LIBRARY OF MEDICINE CALL NUMBER | |
| Classification number | BF 1141 |
| Item number | L861h 1947 |
| 100 1# - MAIN ENTRY--PERSONAL NAME | |
| Personal name | Lonk, Adolph Frank, |
| Dates associated with a name | 1897- |
| 245 15 - TITLE STATEMENT | |
| Title | "The original" complete seventy-two part manual of hypnotism and psycho-therapeutics, |
| Remainder of title | and also mysteries of time and space. |
| 260 ## - PUBLICATION, DISTRIBUTION, ETC. | |
| Place of publication, distribution, etc. | [Palatine, Ill.] |
| Date of publication, distribution, etc. | c1947. |
| 300 ## - PHYSICAL DESCRIPTION | |
| Extent | 135 p. |
| Other physical details | ill., ports. |
| 500 ## - GENERAL NOTE | |
| General note | Rev. 3d ed. |
| 500 ## - GENERAL NOTE | |
| General note | Originally published under title: How to hypnotize, the Lonk course in hypnotism and psycho-therapeutics. |
No items available.